LEGO Ninjago Season 9: Hunted Minifigures - Statistics

General Stats
  • This quiz has been taken 25 times
  • The average score is 16 of 19
Answer Stats
Picture Answer % Correct
Cole
100%
Harumi
100%
Jay
100%
Kai
100%
Lloyd
100%
Lord Garmadon
100%
Nya
100%
Samurai X
100%
Dragon Master Wu
95%
Heavy Metal
95%
Iron Baron
95%
Skylor
95%
Zane
95%
Daddy No Legs
74%
Jet Jack
74%
Chew Toy
68%
Arkade
58%
Muzzle
58%
Scar the Skullbreaker
26%
No matching quizzes found
Score Distribution
Percent of People with Each Score
Percentile by Number Answered
Your Score History
You have not taken this quiz